| 000 | 00371nam a22001457a 4500 | ||
|---|---|---|---|
| 999 |
_c12505 _d12505 |
||
| 008 | 210204b ||||| |||| 00| 0 eng d | ||
| 082 | 0 | 0 |
_a341.7566 _bI325 |
| 110 |
_9806 _aIMCO |
||
| 245 | 1 | 0 |
_asupplementary to SOLAS _cby IMCO |
| 260 |
_aBombay _bBhandarkar Publication _c1974 |
||
| 300 | _a200p. | ||
| 365 | _d35.00 | ||
| 650 | 0 | _aShips--Safety regulations | |
| 942 | _cBK | ||